Southville International School and Colleges
Your cart is empty.
  • Cart
  • Lists
    Public lists list_1 View all
    Your lists Log in to create your own lists
  • Log in to your account
  • Your cookies
  • Search history
Southville International School and Colleges
  • Advanced search
  • Recent comments
  • Most popular
  • Libraries

Log in to your account

Log in with GOOGLE


If you do not have an external account, but do have a local account, you can still log in:

  1. Home
  2. MARC view: The comparative study on tensile strength of M. oleifera pods and Abaca fibers as rope material
Normal view MARC view ISBD view

The comparative study on tensile strength of M. oleifera pods and Abaca fibers as rope material (Record no. 289053)

[ view plain ]
MARC details
000 -LEADER
fixed length control field 00839nam a22002177a 4500
003 - CONTROL NUMBER IDENTIFIER
control field 0
005 - DATE AND TIME OF LATEST TRANSACTION
control field 20250120144623.0
008 - FIXED-LENGTH DATA ELEMENTS--GENERAL INFORMATION
fixed length control field 160109b xxu||||| |||| 00| 0 eng d
050 ## - LIBRARY OF CONGRESS CALL NUMBER
Classification number PHS TS 1548
Item number .Eu87 2015
100 ## - MAIN ENTRY--PERSONAL NAME
Personal name Eugenio, John Aaron Lewis G.
245 ## - TITLE STATEMENT
Title The comparative study on tensile strength of M. oleifera pods and Abaca fibers as rope material
Statement of responsibility, etc John Aaron Lewis G. Eugenio
260 ## - PUBLICATION, DISTRIBUTION, ETC. (IMPRINT)
Place of publication, distribution, etc Las Piñas, Philippines :
Name of publisher, distributor, etc Southville International School and Colleges,
Date of publication, distribution, etc 2015.
300 ## - PHYSICAL DESCRIPTION
Extent iii, 32 p. :
Other physical details ill. ;
Dimensions 28 cm.
504 ## - BIBLIOGRAPHY, ETC. NOTE
Bibliography, etc Includes bibliographical references.
650 ## - SUBJECT ADDED ENTRY--TOPICAL TERM
Topical term or geographic name as entry element Rope
Form subdivision Testing.
650 ## - SUBJECT ADDED ENTRY--TOPICAL TERM
Topical term or geographic name as entry element Fibers
Form subdivision Tensile strength.
650 ## - SUBJECT ADDED ENTRY--TOPICAL TERM
Topical term or geographic name as entry element Moringa oleifera
Form subdivision Industrial applications.
650 ## - SUBJECT ADDED ENTRY--TOPICAL TERM
Topical term or geographic name as entry element Abaca fiber
Form subdivision Industrial applications.
650 ## - SUBJECT ADDED ENTRY--TOPICAL TERM
Topical term or geographic name as entry element Natural fibers
Form subdivision Comparative studies.
942 ## - ADDED ENTRY ELEMENTS (KOHA)
Source of classification or shelving scheme Library of Congress Classification
Koha item type PASS
Holdings
Withdrawn status Lost status Source of classification or shelving scheme Damaged status Home library Current library Shelving location Date acquired Source of acquisition Total Checkouts Full call number Barcode Date last seen Price effective from Koha item type
    Library of Congress Classification   Luxembourg Library Luxembourg Library Portfolio Assessment of SISC Students Section 01/09/2016 Donation   PHS TS 1548 .Eu87 2015 P3487 11/27/2019 01/09/2016 PASS

The comparative study on tensile strength of M. oleifera pods and Abaca fibers as rope material

APA

Eugenio J. A. L. G., . (2015). The comparative study on tensile strength of M. oleifera pods and Abaca fibers as rope material. Las Piñas, Philippines: Southville International School and Colleges.

Chicago

Eugenio John Aaron Lewis G, . 2015. The comparative study on tensile strength of M. oleifera pods and Abaca fibers as rope material. Las Piñas, Philippines: Southville International School and Colleges.

Harvard

Eugenio J. A. L. G., . (2015). The comparative study on tensile strength of M. oleifera pods and Abaca fibers as rope material. Las Piñas, Philippines: Southville International School and Colleges.

MLA

Eugenio John Aaron Lewis G, . The comparative study on tensile strength of M. oleifera pods and Abaca fibers as rope material. Las Piñas, Philippines: Southville International School and Colleges. 2015.

  • Print
  • Cite
  • Add to your cart (remove)
  • Save record
    BIBTEX Dublin Core MARCXML MARC (non-Unicode/MARC-8) MARC (Unicode/UTF-8) MARC (Unicode/UTF-8, Standard) MODS (XML) RIS
  • More searches
    Search for this title in:
    Other Libraries (WorldCat) Other Databases (Google Scholar) Online Stores (Bookfinder.com) Open Library (openlibrary.org)

Exporting to Dublin Core...

SOUTHVILLE LIBRARY

Southville International School and Colleges Library

1281 Tropical Ave. Cor. Luxembourg St., BF Homes International, Las Pinas City

Tel. No. 8256374 / 252358 Loc. 117/146

Powered by Koha